| 000 | 00651cam a2200217 a 4500 | ||
|---|---|---|---|
| 001 | 4981796 | ||
| 005 | 20240201023953.0 | ||
| 008 | 980914s1999 enk b 001 0 eng | ||
| 020 | _a0745314384 (hbk) | ||
| 040 |
_aDLC _cDLC _dDLC |
||
| 082 | 0 | 0 |
_a305.89/4811 _221 _bLIF. |
| 100 | 1 | _aFuglerud, Øivind. | |
| 245 | 1 | 0 |
_aLife on the outside : _bthe Tamil diaspora and long-distance nationalism / _cØivind Fuglerud. |
| 260 |
_aLondon ; _aSterling, Va. : _bPluto Press, _c1999. |
||
| 300 | _av, 203 p. ; | ||
| 650 | 0 | _aTamil (Indic people) | |
| 650 | 0 | _aTamil (Indic people) | |
| 650 | 0 | _aTamil (Indic people) | |
| 650 | 0 | _aForced migration | |
| 942 | _cL | ||
| 999 |
_c258 _d258 |
||